Claudia and the great search / (Record no. 995)

MARC details
000 -LEADER
fixed length control field 01298cam a22003493a 4500
005 - DATE AND TIME OF LATEST TRANSACTION
control field 20230815150513.0
020 ## - INTERNATIONAL STANDARD BOOK NUMBER
International Standard Book Number 9780590424950
Qualifying information (pbk.)
020 ## - INTERNATIONAL STANDARD BOOK NUMBER
International Standard Book Number 0590424955
Qualifying information (pbk.)
040 ## - CATALOGING SOURCE
Original cataloging agency JED
Language of cataloging eng
Transcribing agency JED
Modifying agency OHI
-- YQR
-- VYL
-- OCL
-- BTCTA
-- XP#
-- YDXCP
-- OCLCG
-- BRENT
-- OCLCQ
-- OCLCA
-- OCLCF
-- OCLCQ
-- OCLCO
-- OCLCQ
-- MQ9
-- OCLCO
-- NZASP
-- MWB
-- OCLCQ
-- CCHGZ
-- KF6
-- JDP
-- OCLCO
-- VNHAN
-- DLC
050 00 - LIBRARY OF CONGRESS CALL NUMBER
Classification number PZ7.M3567585
082 ## - DEWEY DECIMAL CLASSIFICATION NUMBER
Classification number Fic
100 1# - MAIN ENTRY--PERSONAL NAME
Personal name Martin, Ann M.
Dates associated with a name 1955-
245 10 - TITLE STATEMENT
Title Claudia and the great search /
Statement of responsibility, etc. Ann M. Martin.
260 ## - PUBLICATION, DISTRIBUTION, ETC.
Place of publication, distribution, etc. New York :
Name of publisher, distributor, etc. Scholastic,
Date of publication, distribution, etc. 1990.
300 ## - PHYSICAL DESCRIPTION
Extent 151 pages :
Dimensions 20 cm.
490 1# - SERIES STATEMENT
Series statement The Baby-sitters Club ;
Volume/sequential designation Book 33
500 ## - GENERAL NOTE
General note "An Apple paperback."
500 ## - GENERAL NOTE
General note "RL4"--Page 4 of cover.
505 ## - FORMATTED CONTENTS NOTE
Formatted contents note R <br/>
520 ## - SUMMARY, ETC.
Summary, etc. Thirteen-year-old Claudia concludes that she is adopted since she sees no resemblance between herself and her brainy older sister whom she rivals.
521 ## - TARGET AUDIENCE NOTE
Target audience note 740 <br/>
Source Lexile <br/>
521 ## - TARGET AUDIENCE NOTE
Target audience note R <br/>
Source Raz-plus <br/>
650 #0 - SUBJECT ADDED ENTRY--TOPICAL TERM
Topical term or geographic name entry element Sisters
Form subdivision Fiction.
650 #0 - SUBJECT ADDED ENTRY--TOPICAL TERM
Topical term or geographic name entry element Clubs
Form subdivision Fiction.
650 #0 - SUBJECT ADDED ENTRY--TOPICAL TERM
Topical term or geographic name entry element Friendship
Form subdivision Fiction.
655 #7 - INDEX TERM--GENRE/FORM
Genre/form data or focus term Young adult fiction.
Source of term lcsh
655 #7 - INDEX TERM--GENRE/FORM
Genre/form data or focus term Children's stories.
Source of term lcsh
906 ## - LOCAL DATA ELEMENT F, LDF (RLIN)
a 7
b cbc
c copycat
d 2
e ncip
f 20
g y-genrareb
942 ## - ADDED ENTRY ELEMENTS (KOHA)
Source of classification or shelving scheme Dewey Decimal Classification
Koha item type Books
Suppress in OPAC No
999 ## -
-- 995
-- 995
Holdings
Withdrawn status Lost status Source of classification or shelving scheme Damaged status Not for loan Collection Home library Current library Shelving location Date acquired Total Checkouts Full call number Barcode Date last seen Price effective from Koha item type
    Dewey Decimal Classification     Fiction Footprints International School Library Network Toul Kork Campus Footprints International School Library Network Toul Kork Campus   07/18/2023   MAR Fic PZ7.M3567585 FIS00567 04/23/2025 07/18/2023 Books